Statistics for Global Language Vocabulary- A

Click here to take the quiz!

General Stats

  • This quiz has been taken 545 times
    (193 since last reset)
  • The average score is 3 of 12

Answer Stats

LanguageAnswer% Correct
EnglishApple
100%
GermanApfel
60%
SpanishManzana
58%
RussianЯблоко, yabloko
19%
Chinese (Simplified)苹果, píngguǒ
10%
Arabicتفاحة, tuffaha
10%
GreekΜήλο, mílo
9%
FinnishOmena
9%
Korean사과, sagwa
8%
MāoriAporo
6%
VietnameseQuả táo
5%
Punjabiਸੇਬ, sēba
5%

Score Distribution

Percentile by Number Answered

Percent of People with Each Score

Your Score History

You have not taken this quiz since the last reset